Sports Quiz

Random Sports or MLB Quiz
Score 0/40 Timer 06:00
0 Plays Today
Year Losing Team % Correct
2005New York Yankees
88.4%
2007New York Yankees
87.3%
2006New York Yankees
86.7%
2004Minnesota Twins
86.2%
2002New York Yankees
85.6%
2004Anaheim Angels
85.1%
2005Boston Red Sox
85.1%
2008Los Angeles Angels of Anaheim
85.1%
2003Minnesota Twins
84.5%
2003Oakland Athletics
84.5%
2007Los Angeles Angels of Anaheim
83.4%
2006Minnesota Twins
82.3%
2008Chicago White Sox
81.8%
2002Oakland Athletics
80.7%
1995New York Yankees
80.1%
1997New York Yankees
79.6%
1999Cleveland Indians
79.6%
2001Cleveland Indians
79.6%
1996Cleveland Indians
77.9%
1999Texas Rangers
77.9%
Year Losing Team % Correct
2000Chicago White Sox
77.9%
2001Oakland Athletics
77.3%
2009Minnesota Twins
77.3%
2009Boston Red Sox
77.3%
2000Oakland Athletics
76.8%
1998Texas Rangers
75.7%
1996Texas Rangers
75.1%
1997Seattle Mariners
75.1%
1998Boston Red Sox
75.1%
1995Boston Red Sox
74%
1981Kansas City Royals
62.4%
2013Tampa Bay Rays
61.9%
2013Oakland Athletics
61.9%
1981Milwaukee Brewers
59.1%
2012Oakland Athletics
58.3%
2012Baltimore Orioles
54.2%
2010Minnesota Twins
18.2%
2010Tampa Bay Rays
18.2%
2011New York Yankees
9.9%
2011Tampa Bay Rays
9.4%

You're not logged in!

Compare scores with friends on all Sporcle quizzes.
OR
Log In

Sporcle TV

Today on Sporcle TV


Watch our educational content, quiz creation guides, and fun videos on Sporcle TV.

Show Comments

Extras

Top Quizzes Today


Score Distribution

Paid Content

Your Account Isn't Verified!

In order to create a playlist on Sporcle, you need to verify the email address you used during registration. Go to your Sporcle Settings to finish the process.

Report this User

Report this user for behavior that violates our Community Guidelines.

Details: